Patria potestad y filiación ley 23264; modificatoria de la parte pertinente del código civil /
Guardado en:
| Formato: | Libro |
|---|---|
| Publicado: |
Buenos Aires :
Depalma,
1985
|
| Materias: | |
| Etiquetas: |
Agregar Etiqueta
Sin Etiquetas, Sea el primero en etiquetar este registro!
|
| LEADER | 00579nam a22001935a 4500 | ||
|---|---|---|---|
| 001 | CEM.cems000647 | ||
| 005 | 20060210000000.0 | ||
| 008 | 130507s1985##################000#0#####d | ||
| 003 | CEMS | ||
| 082 | 0 | 4 | |a 346.2 |
| 245 | 0 | 0 | |a Patria potestad y filiación ley 23264; modificatoria de la parte pertinente del código civil / |
| 260 | |a Buenos Aires : |b Depalma, |c 1985 | ||
| 300 | |a 99 p. | ||
| 653 | |a Adopcion | ||
| 653 | |a Codigo civil-ley 23264 | ||
| 653 | |a Derecho | ||
| 653 | |a Derecho de famlia | ||
| 653 | |a Ley 02393 | ||
| 859 | |a CEMS |b BIB. CEMS - 11 de abril |h 346.2 |i AR37 |p 14168.86 |t Ej.1 | ||
